Statystyki dla Quiz o CS:GO #1 - Bronie i przedmioty kupowalne

Kliknij tutaj aby rozwiązać quiz!

Ogólne statystyki

  • Ten quiz został rozwiązany 190 razy
  • Średni wynik to 8 z 20

Statystyki odpowiedzi

Odpowiedź% Poprawnych
Wabik
85%
Granat błyskowo-hukowy
83%
Zeus x27
78%
USP-S
54%
Five-SeveN
47%
M249
46%
P2000
45%
M4A1-S
44%
M4A4
44%
Granaty
42%
Tec-9
38%
CZ75-Auto
36%
MP5-SD
35%
MP7
35%
Zestaw do rozbrajania | Zestaw do ratowania zakładników
22%
Negev
19%
MAC-10
10%
Pancerz | Kewlar
10%
SSG 08
10%
Nova
9%

Rozkład punktacji

Percentyl według liczby udzielonych odpowiedzi

Procent ludzi z każdym wynikiem

Twoja historia wyników

Nie rozwiązałeś tego quizu